Statistiques concernant Les meilleurs jeux de Valve

Cliquez ici pour prendre le quiz!

Statistiques générales

  • Ce quiz a été pris 34 fois
    (33 depuis la dernière actualisation)
  • Le résultat moyen est 6 sur 9

Statistiques - réponses

Date de sortieJeu vidéoNote% Correct
1998Half-Life8,2
84%
2004Half-Life 28
81%
2007Portal8
77%
2011Portal 28,4
77%
2012Counter-Strike: Global Offensive7,2
74%
2000Counter-Strike7,4
68%
2007Team Fortress 27,4
45%
2006Garry's Mod7,3
32%
2009Left 4 Dead 27,4
29%

Distribution des résultats

Percentile par nombre de réponses

% des personnes avec chaque résultat

Votre développement - résultats

Vous n’avez pas pris ce quiz depuis la dernière actualisation